00552nam a2200169Ia 4500008004100000020001800041041000800059082001700067100003300084245001700117250000600134260006100140300001300201650001800214999001900232952013100251210716s2007 xx 000 0 und d a9780070616677 aeng a005.133 VENK aVenugopal, K R; Prasad, S R. aMastering c. a1 aNew DelhibTata McGraw Hill Publishing Company Ltdc2007 axiii,854 aC Programming c190711d190711 001040708MCAaAIMITbAIMITeKnowledge Worldg375.00l0o005.133 VENKpMCA10219r2025-07-21 00:00:00v281.25w2021-07-16yBK